logo

Bir Sreshtho Munshi Abdur Rouf Library
Jhenaidah Cadet College

ভূগোল ও পরিবেশবিজ্ঞান: (Record no. 11408)

MARC details
000 -LEADER
fixed length control field 00858nam a2200241 a 4500
001 - CONTROL NUMBER
JCCL Control Number 11408
003 - CONTROL NUMBER IDENTIFIER
JCCL marc code BD-JhCC
005 - DATE AND TIME OF LATEST TRANSACTION
control field 20190921090223.0
008 - FIXED-LENGTH DATA ELEMENTS--GENERAL INFORMATION
fixed length control field 190611b 2014bg |||| ||a| 000 0 ben d
020 ## - INTERNATIONAL STANDARD BOOK NUMBER
International Standard Book Number 9847020300137
035 ## - SYSTEM CONTROL NUMBER
system control number (BD-JhCC)11408
040 ## - CATALOGING SOURCE
Original cataloging agency BD-JhCC
Modifying agency BD-JhCC
041 ## - LANGUAGE CODE
Language code of Book ben
082 ## - DEWEY DECIMAL CLASSIFICATION NUMBER
Author mark and Year VUG 2014
Classification number 910.3
245 ## - TITLE STATEMENT
Title ভূগোল ও পরিবেশবিজ্ঞান:
Remainder of title সাধারণ বিজ্ঞান /
Statement of responsibility, etc সম্পাদনা: কে. আশরাফুল আলম ।
260 ## - PUBLICATION, DISTRIBUTION, ETC. (IMPRINT)
Place of publication, distribution, etc ঢাকা:
Name of publisher, distributor, etc পারফেক্ট পাবলিকেশন্স;
Date of publication, distribution, etc ২০১৪.
300 ## - PHYSICAL DESCRIPTION
Pagination ৪৭২ পৃ. :
Dimensions ২২ সেমি.
650 ## - SUBJECT ADDED ENTRY--TOPICAL TERM
Topical term or geographic name as entry element Gography
General subdivision Dictionary
650 ## - SUBJECT ADDED ENTRY--TOPICAL TERM
Topical term or geographic name as entry element Environment
700 ## - ADDED ENTRY--PERSONAL NAME
Personal name আলম, কে. আশরাফুল
942 ## - ADDED ENTRY ELEMENTS (KOHA)
Source of classification or shelving scheme Dewey Decimal Classification
Koha item type Books
Holdings
Source of classification or shelving scheme Damaged status Not for loan Home library Current library Shelving location Date of accession Cost, normal purchase price Total Checkouts Full call number Barcode Date last seen Date checked out Copy number Koha item type
Dewey Decimal Classification     JCC Rouf Library JCC Rouf Library General Stacks 06/01/2019 319.00 3 910.3 VUG 2014 15434 05/06/2024 04/29/2024 C-1 Books

JCC Library | Contacts | JCC Home

Last Update on 23 September 2017
Copyright @ 2017-2020 JCC Rouf Library
Rouf Library, Jhenidah Cadet College (JCC), Bangladesh